[Event "Graz op-A"]
[Site "Graz"]
[Date "2022.09.09"]
[Round "7"]
[White "Braun, Joachim"]
[Black "Eibinger, Manuel"]
[Result "1/2-1/2"]
[WhiteElo "2159"]
[BlackElo "2010"]
[PlyCount "68"]
[EventDate "2022.09.03"]
[EventType "swiss"]
[EventRounds "9"]
[EventCountry "AUT"]
[SourceTitle "EXT 2023"]
[Source "ChessBase"]
[SourceDate "2022.10.05"]
[SourceVersion "1"]
[SourceVersionDate "2022.10.05"]
[SourceQuality "1"]

1. e4 c5 2. Nf3 e6 3. d4 cxd4 4. Nxd4 Nc6 5. Nb5 d6 6. c4 Nf6 7. N1c3 a6 8. Na3 Be7 9. Be2 Qc7 10. Be3 Ne5 11. Rc1 0-0 12. 0-0 b6 13. f3 Bb7 14. Na4 Ned7 15. b4 Bc6 16. Nb5 Qb8 17. Nd4 Bb7 18. Nb3 d5 19. exd5 exd5 20. c5 bxc5 21. Naxc5 Nxc5 22. bxc5 Bc6 23. Nd4 Qc7 24. Bd3 Rfe8 25. Qd2 g6 26. Bf4 Qd7 27. Rfe1 Nh5 28. Bg5 Bf8 29. Rxe8 Qxe8 30. g4 Ng7 31. Qe2 Qc8 32. Bf6 Ne6 33. Qe5 Nxd4 34. Qxd4 Qe6 1/2-1/2

[Event "Graz op-A"]
[Site "Graz"]
[Date "2022.09.06"]
[Round "4"]
[White "Braun, Joachim"]
[Black "Skuhala, Barbara"]
[Result "1-0"]
[WhiteElo "2159"]
[BlackElo "2059"]
[PlyCount "127"]
[EventDate "2022.09.03"]
[EventType "swiss"]
[EventRounds "9"]
[EventCountry "AUT"]
[SourceTitle "EXT 2023"]
[Source "ChessBase"]
[SourceDate "2022.10.05"]
[SourceVersion "1"]
[SourceVersionDate "2022.10.05"]
[SourceQuality "1"]

1. e4 c5 2. Nf3 d6 3. d4 Nf6 4. Nc3 cxd4 5. Nxd4 a6 6. Bc4 e6 7. Bb3 Be7 8. Be3 0-0 9. g4 Nc6 10. g5 Nd7 11. h4 Nxd4 12. Bxd4 b5 13. Qe2 Bb7 14. a3 Rc8 15. g6 Bf6 16. gxf7+ Rxf7 17. 0-0-0 Qe7 18. Kb1 Kh8 19. Qg4 Bxd4 20. Rxd4 Nc5 21. Rhd1 Nxb3 22. cxb3 Rd8 23. e5 d5 24. Ne4 Rb8 25. Ng5 Rxf2 26. Qxe6 Qxe6 27. Nxe6 Re2 28. Nc5 h6 29. Rf1 Kg8 30. Rdd1 a5 31. Rde1 Rxe1+ 32. Rxe1 Bc6 33. Ne6 Kf7 34. Nd4 Be8 35. Rf1+ Ke7 36. Kc1 Rb6 37. Rg1 Kf7 38. Kd2 Bd7 39. Ke3 g6 40. Kf4 Rb8 41. Rc1 g5+ 42. hxg5 hxg5+ 43. Kxg5 Rg8+ 44. Kh5 Rh8+ 45. Kg5 Rg8+ 46. Kf4 Rg4+ 47. Ke3 Rg3+ 48. Kd2 Rg2+ 49. Kc3 Rg3+ 50. Kc2 Rg2+ 51. Kb1 Rd2 52. Rf1+ Ke7 53. Rf4 Rd1+ 54. Kc2 Re1 55. e6 Bxe6 56. Nxb5 Bd7 57. Nc3 Be6 58. Ra4 Rh1 59. Rxa5 Rh2+ 60. Kd3 Rxb2 61. b4 Kd6 62. Nd1 Bf5+ 63. Ke3 Ke5 64. Nxb2 1-0

[Event "Pfalz op-A 11th"]
[Site "Neustadt an der Weinstrasse"]
[Date "2020.02.24"]
[Round "6"]
[White "Lohr, Maximilian"]
[Black "Braun, Joachim"]
[Result "1/2-1/2"]
[WhiteElo "1992"]
[BlackElo "2166"]
[PlyCount "72"]
[EventDate "2020.02.21"]
[EventType "swiss"]
[EventRounds "9"]
[EventCountry "GER"]
[SourceTitle "CBM 195 Extra"]
[Source "ChessBase"]
[SourceDate "2020.05.31"]
[SourceVersion "1"]
[SourceVersionDate "2020.05.31"]
[SourceQuality "1"]

1. e4 d5 2. exd5 Qxd5 3. Nc3 Qd8 4. d4 g6 5. h3 Bg7 6. Nf3 Nf6 7. Bg5 0-0 8. Qd2 c6 9. 0-0-0 Be6 10. Kb1 Qa5 11. a3 Na6 12. Ne5 Rfd8 13. Bc4 Bxc4 14. Nxc4 Qc7 15. Rhe1 Nd5 16. Nxd5 cxd5 17. Ne3 Qd7 18. Ng4 Re8 19. Qf4 Qf5 20. Qxf5 gxf5 21. Nh6+ Bxh6 22. Bxh6 f6 23. Rd3 Kf7 24. Bf4 Rac8 25. Rb3 b6 26. Rbe3 Nb8 27. Bxb8 Rxb8 28. Re6 Rbc8 29. g3 Rc7 30. Kc1 Rg8 31. Kd2 h5 32. c3 Rh8 33. h4 Rg8 34. R6e3 Rg4 35. f4 Rg8 36. a4 Rb8 1/2-1/2

[Event "Pfalz op-A 11th"]
[Site "Neustadt an der Weinstrasse"]
[Date "2020.02.23"]
[Round "5"]
[White "Braun, Joachim"]
[Black "Koelle, Tobias"]
[Result "1/2-1/2"]
[WhiteElo "2166"]
[BlackElo "2305"]
[PlyCount "71"]
[EventDate "2020.02.21"]
[EventType "swiss"]
[EventRounds "9"]
[EventCountry "GER"]
[SourceTitle "CBM 195 Extra"]
[Source "ChessBase"]
[SourceDate "2020.05.31"]
[SourceVersion "1"]
[SourceVersionDate "2020.05.31"]
[SourceQuality "1"]

1. e4 e5 2. Nf3 Nc6 3. Bb5 a6 4. Ba4 Nf6 5. d3 Bc5 6. c3 b5 7. Bb3 0-0 8. 0-0 d6 9. h3 h6 10. a4 Rb8 11. axb5 axb5 12. Re1 Re8 13. Nbd2 Bb6 14. Nf1 Be6 15. Bxe6 Rxe6 16. Be3 Bxe3 17. Nxe3 d5 18. Nf5 Kh7 19. Qd2 dxe4 20. dxe4 Qxd2 21. Nxd2 g6 22. Ng3 Rd6 23. Ndf1 h5 24. h4 Rbd8 25. Ne3 Kg7 26. Red1 Kf8 27. Rxd6 Rxd6 28. Rd1 Ke7 29. f3 Rxd1+ 30. Nxd1 Kd6 31. Ne2 Nd8 32. Kf2 Ne6 33. Nc1 Nc5 34. Ke2 Ng8 35. Nd3 Ne6 36. g3 1/2-1/2

[Event "Verbandsliga Nordbaden 1718"]
[Site "Baden"]
[Date "2017.12.03"]
[Round "3.1"]
[White "Dudek, Richard"]
[Black "Braun, Joachim"]
[Result "1-0"]
[WhiteElo "2231"]
[BlackElo "2161"]
[PlyCount "107"]
[EventDate "2017.10.08"]
[EventType "team-tourn"]
[EventRounds "9"]
[EventCountry "GER"]
[SourceTitle "EXT 2019"]
[Source "ChessBase"]
[SourceDate "2018.10.10"]
[SourceVersion "1"]
[SourceVersionDate "2018.10.10"]
[SourceQuality "1"]
[WhiteTeam "Eppingen II"]
[BlackTeam "Birkenfeld"]
[WhiteTeamCountry "GER"]
[BlackTeamCountry "GER"]

1. e4 c5 2. Nc3 a6 3. g3 b5 4. a3 Bb7 5. Bg2 e6 6. Nge2 Nf6 7. 0-0 b4 8. axb4 cxb4 9. e5 Bxg2 10. Kxg2 Ng4 11. Ne4 Nxe5 12. d4 d5 13. dxe5 dxe4 14. Qxd8+ Kxd8 15. Rd1+ Kc8 16. Rd4 Nc6 17. Rxe4 Be7 18. Be3 Rd8 19. Nf4 Kb7 20. b3 Rac8 21. Nd3 Rd5 22. f4 Rcd8 23. Kf3 Nd4+ 24. Bxd4 Rxd4 25. Rxd4 Rxd4 26. Ra4 f5 27. exf6 gxf6 28. Ke3 e5 29. fxe5 fxe5 30. Nxe5 Bc5 31. Nd3 Bb6 32. Kf3 a5 33. Ra1 Rd6 34. Re1 Rc6 35. Re2 Bc7 36. Nf4 Ka6 37. Re6 Kb5 38. Rxc6 Kxc6 39. Ke4 Kb5 40. Ne6 Bd6 41. Kd5 Be7 42. g4 h6 43. Nd4+ Kb6 44. Nf5 Bg5 45. h4 Bc1 46. Nd4 Be3 47. Kc4 Bd2 48. Nf3 Bf4 49. g5 hxg5 50. hxg5 Kc6 51. g6 Bh6 52. Ne5+ Kb6 53. Nd7+ Kc6 54. Nc5 1-0

[Event "Verbandsliga Nordbaden 1718"]
[Site "Baden"]
[Date "2017.10.08"]
[Round "1.1"]
[White "Sulzbach, Sven"]
[Black "Braun, Joachim"]
[Result "1-0"]
[WhiteElo "2195"]
[BlackElo "2161"]
[PlyCount "129"]
[EventDate "2017.10.08"]
[EventType "team-tourn"]
[EventRounds "9"]
[EventCountry "GER"]
[SourceTitle "EXT 2019"]
[Source "ChessBase"]
[SourceDate "2018.10.10"]
[SourceVersion "1"]
[SourceVersionDate "2018.10.10"]
[SourceQuality "1"]
[WhiteTeam "Lindenhof"]
[BlackTeam "Birkenfeld"]
[WhiteTeamCountry "GER"]
[BlackTeamCountry "GER"]

1. d4 Nf6 2. c4 e6 3. g3 d5 4. Bg2 Be7 5. Nf3 0-0 6. Qc2 dxc4 7. Qxc4 a6 8. Qc2 Nc6 9. 0-0 Nb4 10. Qb3 Qd5 11. Nbd2 Bd7 12. a3 Qxb3 13. Nxb3 Nbd5 14. Ne5 Bb5 15. Bf3 a5 16. a4 Be8 17. Bd2 Bb4 18. e4 Ne7 19. Bxb4 axb4 20. a5 Bb5 21. Rfc1 c6 22. Nc4 Rfd8 23. Bg2 Ne8 24. Nb6 Rab8 25. Bf1 Nd6 26. f3 Nec8 27. Bxb5 Nxb5 28. Rc4 Nxb6 29. axb6 Ra8 30. Rxa8 Rxa8 31. Nc5 b3 32. Nxb7 Rb8 33. Na5 Rxb6 34. Nxc6 g6 35. Na5 Nd6 36. Rc3 Rb4 37. Rd3 Nc4 38. Rxb3 Rxb3 39. Nxb3 Nxb2 40. Kf2 Kf8 41. Ke3 Ke7 42. h4 h6 43. Na5 Na4 44. Nc4 Nc3 45. Ne5 Nb5 46. Ng4 h5 47. Ne5 Kf6 48. Nc6 Kg7 49. Kd3 Nd6 50. Kc3 Kf8 51. Kb4 Ke8 52. Ne5 Ke7 53. Kc5 Nb7+ 54. Kb6 Nd6 55. Kc6 Ne8 56. Nc4 Ng7 57. Nb6 f5 58. d5 exd5 59. exd5 f4 60. gxf4 Kd8 61. Nc4 Nf5 62. Ne5 Ke7 63. Nxg6+ Kf6 64. d6 Kxg6 65. d7 1-0

[Event "Stuttgart-chA op"]
[Site "Ditzingen"]
[Date "2015.05.17"]
[Round "7"]
[White "Schroeder, Kevin"]
[Black "Braun, Joachim"]
[Result "1-0"]
[WhiteElo "2244"]
[BlackElo "2177"]
[PlyCount "113"]
[EventDate "2015.05.14"]
[EventType "swiss"]
[EventRounds "7"]
[EventCountry "GER"]
[SourceTitle "EXT 2018"]
[Source "ChessBase"]
[SourceDate "2017.10.13"]
[SourceVersion "1"]
[SourceVersionDate "2017.10.13"]
[SourceQuality "1"]

1. d4 Nf6 2. Nc3 d5 3. Bf4 Bf5 4. e3 e6 5. Bd3 Bg6 6. Nf3 Be7 7. Ne5 a6 8. Qf3 Nbd7 9. Nxg6 hxg6 10. e4 dxe4 11. Nxe4 Nd5 12. Bd2 Nb4 13. Bxb4 Bxb4+ 14. c3 Be7 15. 0-0-0 c6 16. h4 Nf6 17. Bc4 Nxe4 18. Qxe4 Qd6 19. g3 0-0-0 20. Rhe1 Bf6 21. f4 Kb8 22. Kb1 Qc7 23. Bf1 Qa5 24. Bg2 Qf5 25. Rd3 Qxe4 26. Bxe4 Rd6 27. b4 Kc7 28. Kc2 a5 29. a3 axb4 30. axb4 Ra8 31. Rdd1 Rdd8 32. Ra1 Kb6 33. Reb1 Kc7 34. b5 cxb5 35. Rxa8 Rxa8 36. Rxb5 Ra7 37. Kb2 b6 38. h5 gxh5 39. Rxh5 Ra5 40. Rh7 Rb5+ 41. Kc2 Ra5 42. g4 Kd6 43. g5 Bxg5 44. fxg5 Rxg5 45. Rh8 f5 46. Bb7 e5 47. Rf8 e4 48. Kd2 g6 49. Rf6+ Kc7 50. Bd5 Rg2+ 51. Ke1 Rg3 52. c4 Rd3 53. Rxg6 f4 54. Rc6+ Kd7 55. Rxb6 f3 56. Rf6 Rxd4 57. Rf4 1-0

[Event "Stuttgart-chA op"]
[Site "Ditzingen"]
[Date "2015.05.15"]
[Round "4"]
[White "Braun, Joachim"]
[Black "Zymberi, Agron"]
[Result "1-0"]
[WhiteElo "2177"]
[BlackElo "2089"]
[PlyCount "161"]
[EventDate "2015.05.14"]
[EventType "swiss"]
[EventRounds "7"]
[EventCountry "GER"]
[SourceTitle "EXT 2018"]
[Source "ChessBase"]
[SourceDate "2017.10.13"]
[SourceVersion "1"]
[SourceVersionDate "2017.10.13"]
[SourceQuality "1"]

1. e4 d5 2. exd5 Qxd5 3. Nc3 Qd6 4. d4 Nf6 5. Nge2 g6 6. Bf4 Qb6 7. Qd2 c6 8. 0-0-0 h5 9. Kb1 Nbd7 10. Nc1 Bg7 11. Bc4 0-0 12. Bh6 Re8 13. Bxg7 Kxg7 14. Rhe1 Qb4 15. Qe2 b5 16. Bb3 e6 17. Nd3 Qd6 18. Qf3 Nb6 19. Ne5 Rf8 20. Ne4 Nxe4 21. Rxe4 Nd5 22. c3 a5 23. Bc2 a4 24. a3 f5 25. Rh4 Rh8 26. Qg3 Ne7 27. Qf4 Qd8 28. Qg5 Qf8 29. Qg3 Qf6 30. Nf3 Ra7 31. Re1 Nd5 32. Bd1 f4 33. Qg5 Rf7 34. Re5 Qxg5 35. Nxg5 Rf6 36. Bf3 Bd7 37. Bxd5 cxd5 38. f3 Bc8 39. g3 Rhf8 40. Kc2 fxg3 41. hxg3 Rf5 42. Rxf5 exf5 43. f4 Re8 44. Kd2 Bd7 45. Rh2 Kf6 46. Re2 Rxe2+ 47. Kxe2 Be8 48. Kf3 Bd7 49. Kg2 h4 50. gxh4 Bc6 51. Nf3 Bd7 52. Ne5 Be8 53. Kg3 Kg7 54. Nd3 Bd7 55. Nb4 Be6 56. Kh3 Kf6 57. Nc2 Kg7 58. Ne3 Kh6 59. Nf1 Kg7 60. h5 gxh5 61. Kh4 Kg6 62. Ng3 Bf7 63. Nxh5 Be6 64. Ng3 Kh6 65. Nf1 Kg6 66. Nd2 Bd7 67. b3 Be8 68. bxa4 bxa4 69. c4 dxc4 70. Nxc4 Kf6 71. Nb6 Bb5 72. Nd5+ Kg6 73. Nc3 Bc6 74. d5 Bd7 75. Kg3 Kh5 76. Kf3 Kh4 77. Ne2 Kh5 78. Ke3 Kg4 79. Nd4 Kh5 80. Ne6 Bb5 81. Nc5 1-0

[Event "Verbandsliga Nordbaden 1415"]
[Site "Baden"]
[Date "2015.01.25"]
[Round "5.1"]
[White "Braun, Joachim"]
[Black "Bogdanovich, Grigory Grigorievic"]
[Result "1/2-1/2"]
[WhiteElo "2128"]
[BlackElo "2333"]
[PlyCount "135"]
[EventDate "2014.10.12"]
[EventType "team-tourn"]
[EventRounds "9"]
[EventCountry "GER"]
[SourceTitle "EXT 2022"]
[Source "ChessBase"]
[SourceDate "2021.10.06"]
[SourceVersion "1"]
[SourceVersionDate "2021.10.06"]
[SourceQuality "1"]
[WhiteTeam "Birkenfeld"]
[BlackTeam "Bad Mergentheim II"]
[WhiteTeamCountry "GER"]
[BlackTeamCountry "GER"]

1. e4 b6 2. d4 Bb7 3. Bd3 Nf6 4. Qe2 Nc6 5. c3 e5 6. Nf3 exd4 7. 0-0 Be7 8. e5 Ng8 9. Nxd4 Nxd4 10. cxd4 d5 11. Qg4 Kf8 12. Nc3 Bc8 13. Qe2 c6 14. f4 f5 15. Be3 Be6 16. Nd1 c5 17. Nf2 c4 18. Bc2 b5 19. Nh3 g6 20. Ng5 Qd7 21. a3 Nh6 22. Bd2 a5 23. Qe1 Bd8 24. Rf3 Kg7 25. Kh1 Ng4 26. h3 h5 27. Rf1 Nh6 28. b4 Bb6 29. Bc3 axb4 30. axb4 Rhb8 31. Qh4 Bd8 32. Rfb1 Nf7 33. Nxe6+ Qxe6 34. Qe1 Be7 35. Rxa8 Rxa8 36. Ra1 Rxa1 37. Qxa1 Nd8 38. Qa7 Kf7 39. Bd1 h4 40. Bf3 Qc6 41. g3 hxg3 42. Kg2 Ke6 43. Kxg3 Qb7 44. Qa2 Qd7 45. Qa8 Qc6 46. Qa7 Kf7 47. Qb8 Ne6 48. h4 Ng7 49. Qh8 Bf8 50. Qh7 Qe6 51. h5 gxh5 52. Bxh5+ Ke7 53. Bf3 Qf7 54. Qh1 Qg6+ 55. Kf2 Ne6 56. Bxd5 Qh6 57. Qxh6 Bxh6 58. Bc6 Nxf4 59. d5 Nd3+ 60. Kf1 Bf4 61. d6+ Ke6 62. d7 Bg5 63. Bxb5 Nxe5 64. Bxe5 Kxe5 65. Bxc4 Kd6 66. Bb5 Kc7 67. Kf2 Be7 68. Kf3 1/2-1/2

[Event "Staufer op-A 27th"]
[Site "Schwaebisch Gmuend"]
[Date "2015.01.06"]
[Round "9"]
[White "Braun, Joachim"]
[Black "Schroeder, Jan Christian"]
[Result "0-1"]
[WhiteElo "2128"]
[BlackElo "2405"]
[PlyCount "50"]
[EventDate "2015.01.02"]
[EventType "swiss"]
[EventRounds "9"]
[EventCountry "GER"]
[SourceTitle "CBM 164 Extra"]
[Source "ChessBase"]
[SourceDate "2015.03.02"]
[SourceVersion "1"]
[SourceVersionDate "2015.03.02"]
[SourceQuality "1"]

1. e4 e5 2. Nf3 Nc6 3. Bb5 a6 4. Ba4 Nf6 5. d3 d6 6. c3 g6 7. Nbd2 Bg7 8. 0-0 0-0 9. Re1 b5 10. Bc2 Re8 11. a4 Bb7 12. Nf1 Nb8 13. axb5 axb5 14. Rxa8 Bxa8 15. Bg5 h6 16. Qa1 Nbd7 17. Bd2 d5 18. Qa5 Bc6 19. Ng3 dxe4 20. dxe4 Qc8 21. c4 bxc4 22. Bc3 Qb7 23. Bxe5 Nxe5 24. Nxe5 Qxb2 25. Bb1 Qxe5 0-1

[Event "Staufer op-A 27th"]
[Site "Schwaebisch Gmuend"]
[Date "2015.01.03"]
[Round "4"]
[White "Carlstedt, Jonathan"]
[Black "Braun, Joachim"]
[Result "1-0"]
[WhiteElo "2437"]
[BlackElo "2128"]
[PlyCount "131"]
[EventDate "2015.01.02"]
[EventType "swiss"]
[EventRounds "9"]
[EventCountry "GER"]
[SourceTitle "CBM 164 Extra"]
[Source "ChessBase"]
[SourceDate "2015.03.02"]
[SourceVersion "1"]
[SourceVersionDate "2015.03.02"]
[SourceQuality "1"]

1. d4 Nf6 2. Nc3 d5 3. Bf4 c6 4. f3 Bf5 5. g4 Bg6 6. h4 h5 7. g5 Ng8 8. Qd2 e6 9. e4 Bd6 10. Nh3 Ne7 11. 0-0-0 0-0 12. Bd3 Bb4 13. Be3 Qa5 14. a3 Bd6 15. Kb1 Bc7 16. Ne2 Qxd2 17. Rxd2 Nd7 18. c4 e5 19. Rc1 Bb6 20. b4 a6 21. Bf2 Rfd8 22. exd5 Bxd3+ 23. Rxd3 cxd5 24. c5 Bc7 25. Bg3 f6 26. Nc3 Kf7 27. Rcd1 Ke6 28. f4 e4 29. f5+ Kxf5 30. Rf1+ Ke6 31. Bxc7 exd3 32. Nf4+ Kf7 33. Bxd8 Rxd8 34. gxf6 Nxf6 35. Nxd3 Ke6 36. Re1+ Kd7 37. Ne5+ Kc7 38. b5 axb5 39. Nxb5+ Kb8 40. Nd6 Nc6 41. Nxc6+ bxc6 42. Re7 Rd7 43. Rxd7 Nxd7 44. Nf5 g6 45. Ne7 Nf8 46. Nxc6+ Kc7 47. Ne5 Ne6 48. Nf3 Kc6 49. Kc2 Kb5 50. Kc3 Nf4 51. Ne5 Ne2+ 52. Kd3 Nf4+ 53. Kd2 Ka5 54. Nc6+ Kb5 55. Ne7 Ka5 56. a4 Ka6 57. c6 Ne6 58. Ke3 Kb6 59. a5+ Kc7 60. Nxd5+ Kxc6 61. Nf4 Nf8 62. Ke4 Kb5 63. Ke5 Kxa5 64. Kd6 Kb6 65. Ke7 g5 66. hxg5 1-0

[Event "Staufer op-A 27th"]
[Site "Schwaebisch Gmuend"]
[Date "2015.01.02"]
[Round "1"]
[White "Braun, Joachim"]
[Black "Schlecht, Daniel"]
[Result "1/2-1/2"]
[WhiteElo "2128"]
[BlackElo "2366"]
[PlyCount "54"]
[EventDate "2015.01.02"]
[EventType "swiss"]
[EventRounds "9"]
[EventCountry "GER"]
[SourceTitle "CBM 164 Extra"]
[Source "ChessBase"]
[SourceDate "2015.03.02"]
[SourceVersion "1"]
[SourceVersionDate "2015.03.02"]
[SourceQuality "1"]

1. e4 e6 2. d4 d5 3. Nc3 Nf6 4. e5 Nfd7 5. f4 c5 6. Nf3 Nc6 7. Be3 Be7 8. Qd2 0-0 9. dxc5 Qa5 10. Bd3 Nxc5 11. 0-0 Rd8 12. Nd4 Bd7 13. Nxc6 Bxc6 14. Nxd5 Qxd2 15. Nxe7+ Kf8 16. Bxd2 Kxe7 17. Bb4 b6 18. Rad1 h6 19. Be2 g5 20. Rxd8 Rxd8 21. fxg5 hxg5 22. Bh5 Be8 23. Rf3 Rd5 24. Re3 a5 25. c4 Rd4 26. Bxc5+ bxc5 27. b3 Bc6 1/2-1/2

[Event "Seefeld op 20th"]
[Site "Seefeld"]
[Date "2009.09.29"]
[Round "6"]
[White "Eperjesi, Laszlo"]
[Black "Braun, Joachim"]
[Result "1/2-1/2"]
[WhiteElo "2250"]
[BlackElo "2138"]
[PlyCount "100"]
[EventDate "2009.09.24"]
[EventType "swiss"]
[EventRounds "9"]
[EventCountry "AUT"]
[SourceTitle "EXT 2012"]
[Source "ChessBase"]
[SourceDate "2011.11.24"]
[SourceVersion "1"]
[SourceVersionDate "2011.11.24"]
[SourceQuality "1"]

1. d4 Nf6 2. Nf3 e6 3. c4 b6 4. g3 Bb7 5. Bg2 Be7 6. 0-0 0-0 7. Nc3 Ne4 8. Nxe4 Bxe4 9. Ne1 Bxg2 10. Nxg2 d6 11. e4 Nd7 12. Qe2 c5 13. Be3 Qc7 14. Rac1 Bf6 15. Rfd1 cxd4 16. Bxd4 Bxd4 17. Rxd4 Qc5 18. Rcd1 Ne5 19. b3 Rad8 20. Kh1 Nc6 21. R4d2 Na5 22. f4 Nb7 23. Ne1 Qc6 24. Nf3 Nc5 25. Re1 a6 26. Nd4 Qb7 27. b4 Nd7 28. b5 Nb8 29. Red1 a5 30. f5 Rfe8 31. fxe6 fxe6 32. Qg4 Rc8 33. Nxe6 Rxc4 34. Rd5 g6 35. Kg1 Nd7 36. Qe2 Rb4 37. a3 Ra4 38. Qc2 Rxa3 39. Rxd6 Ne5 40. Rd8 Nf3+ 41. Kg2 Rxd8 42. Nxd8 Qe7 43. Qc4+ Kg7 44. Ne6+ Kh6 45. h4 Re3 46. Qc1 Qa3 47. Qxa3 Rxa3 48. Rd6 Kh5 49. Kh3 Ng1+ 50. Kg2 Nf3 1/2-1/2

[Event "Seefeld op 20th"]
[Site "Seefeld"]
[Date "2009.09.28"]
[Round "5"]
[White "Braun, Joachim"]
[Black "Mueller, Ralf1111"]
[Result "1/2-1/2"]
[WhiteElo "2138"]
[BlackElo "2410"]
[PlyCount "66"]
[EventDate "2009.09.24"]
[EventType "swiss"]
[EventRounds "9"]
[EventCountry "AUT"]
[SourceTitle "EXT 2012"]
[Source "ChessBase"]
[SourceDate "2011.11.24"]
[SourceVersion "1"]
[SourceVersionDate "2011.11.24"]
[SourceQuality "1"]

1. e4 c5 2. Nf3 e6 3. d4 cxd4 4. Nxd4 Nc6 5. Nc3 Qc7 6. g3 a6 7. Bg2 d6 8. a4 Bd7 9. Nb3 Be7 10. 0-0 Ne5 11. Nd4 Nf6 12. f4 Nc6 13. Nb3 Na5 14. Nd4 Rc8 15. Rf3 g6 16. h3 0-0 17. Rd3 Rfd8 18. b3 Nc6 19. Nxc6 Bxc6 20. a5 d5 21. exd5 Nxd5 22. Nxd5 Bxd5 23. Bxd5 Rxd5 24. Rxd5 exd5 25. Ra2 Qc3 26. Kg2 Bb4 27. Qxd5 Qe1 28. Qd4 Bc5 29. Qd2 Qg1+ 30. Kf3 Qh1+ 31. Kg4 h5+ 32. Kg5 Be7+ 33. Kh6 Bf8+ 1/2-1/2

[Event "Baden-ch op"]
[Site "Badenweiler"]
[Date "2009.07.06"]
[Round "9"]
[White "Koch, Markus"]
[Black "Braun, Joachim"]
[Result "0-1"]
[WhiteElo "2019"]
[BlackElo "2114"]
[PlyCount "74"]
[EventDate "2009.06.01"]
[EventType "swiss"]
[EventRounds "9"]
[EventCountry "GER"]
[SourceTitle "EXT 2010"]
[Source "ChessBase"]
[SourceDate "2010.11.25"]
[SourceVersion "1"]
[SourceVersionDate "2010.11.25"]
[SourceQuality "1"]

1. Nf3 d5 2. c4 d4 3. g3 g6 4. Bg2 Bg7 5. 0-0 e5 6. d3 Ne7 7. Na3 0-0 8. Nc2 a5 9. b3 Nbc6 10. a3 Bf5 11. Bb2 Qd7 12. Re1 Rfd8 13. b4 axb4 14. axb4 Rxa1 15. Bxa1 e4 16. Ng5 exd3 17. exd3 h6 18. Ne4 b6 19. f4 Be6 20. Qf3 Nb8 21. Qf2 Nf5 22. Bf1 Qa4 23. Qd2 Nc6 24. Rb1 Ne3 25. Ne1 Nxf1 26. Kxf1 Ne7 27. b5 Nf5 28. Qb4 Qa8 29. Kf2 Ne3 30. Bb2 Bg4 31. Ra1 Qc8 32. Qb3 Qf5 33. Kg1 Qh5 34. Nf2 Be2 35. h3 Bf1 36. Nc2 Bxh3 37. Nxd4 Bxd4 0-1

[Event "Baden-ch op"]
[Site "Badenweiler"]
[Date "2009.06.06"]
[Round "8"]
[White "Braun, Joachim"]
[Black "Kupfer, Michael"]
[Result "0-1"]
[WhiteElo "2114"]
[BlackElo "2215"]
[PlyCount "127"]
[EventDate "2009.06.01"]
[EventType "swiss"]
[EventRounds "9"]
[EventCountry "GER"]
[SourceTitle "EXT 2010"]
[Source "ChessBase"]
[SourceDate "2010.11.25"]
[SourceVersion "1"]
[SourceVersionDate "2010.11.25"]
[SourceQuality "1"]

1. e4 c5 2. Nf3 d6 3. d4 cxd4 4. Qxd4 Nc6 5. Bb5 Bd7 6. Bxc6 Bxc6 7. Nc3 Nf6 8. Bg5 e6 9. 0-0-0 Be7 10. Rhe1 0-0 11. Qd2 h6 12. Bf4 Qb6 13. Nd4 d5 14. e5 Ne4 15. Nxe4 dxe4 16. Nxc6 bxc6 17. Re3 Rad8 18. Qe2 Rxd1+ 19. Qxd1 Rd8 20. Qe2 f5 21. exf6 Bxf6 22. Rb3 Qd4 23. Be3 Qd6 24. g3 c5 25. Bf4 Qd5 26. c4 Qc6 27. h4 Bd4 28. Be3 e5 29. g4 Rf8 30. g5 hxg5 31. hxg5 Qg6 32. Qg4 Qf5 33. Qxf5 Rxf5 34. g6 Kf8 35. Rb8+ Ke7 36. Rb7+ Kf6 37. Rxa7 Kxg6 38. a4 Rf6 39. a5 Kf5 40. a6 g5 41. Ra8 Kg4 42. Kc2 Rb6 43. b3 Bxe3 44. fxe3 Kg3 45. a7 Rb7 46. Rc8 Rxa7 47. Rxc5 Kf3 48. Rxe5 g4 49. Rg5 g3 50. c5 g2 51. b4 Kxe3 52. Kc3 Kf2 53. Rf5+ Kg3 54. Rg5+ Kf3 55. b5 Ra1 56. b6 g1Q 57. Rxg1 Rxg1 58. b7 Rb1 59. c6 e3 60. c7 e2 61. b8Q e1Q+ 62. Kc4 Qe4+ 63. Kc5 Qe5+ 64. Kc6 0-1

[Event "Baden-ch op"]
[Site "Badenweiler"]
[Date "2009.06.05"]
[Round "6"]
[White "Feisst, Simon Anton"]
[Black "Braun, Joachim"]
[Result "1/2-1/2"]
[WhiteElo "2042"]
[BlackElo "2114"]
[PlyCount "123"]
[EventDate "2009.06.01"]
[EventType "swiss"]
[EventRounds "9"]
[EventCountry "GER"]
[SourceTitle "EXT 2010"]
[Source "ChessBase"]
[SourceDate "2010.11.25"]
[SourceVersion "1"]
[SourceVersionDate "2010.11.25"]
[SourceQuality "1"]

1. c4 e5 2. Nc3 Nc6 3. e3 d6 4. d4 g6 5. Nf3 Bg7 6. Be2 f5 7. d5 Nce7 8. Rb1 Nf6 9. Qc2 h6 10. b4 0-0 11. 0-0 Kh8 12. Rd1 g5 13. c5 Ng6 14. cxd6 cxd6 15. Ba3 Rf7 16. Nd2 Rc7 17. Qb3 e4 18. Nb5 Re7 19. Nc4 Ne8 20. Bh5 Kh7 21. Bb2 a6 22. Nd4 Ne5 23. Bxe8 Rxe8 24. b5 Nd3 25. Ba3 Bf8 26. bxa6 Rxa6 27. Ne6 Qe7 28. Rxd3 exd3 29. Qxd3 Bxe6 30. dxe6 Qxe6 31. Rxb7+ Re7 32. Rb3 Rea7 33. Nb6 Bg7 34. g4 Qe4 35. Qxe4 fxe4 36. Bxd6 Rxa2 37. Nc4 Rc2 38. Na3 Ra2 39. Nb5 Rd7 40. Bg3 Rb7 41. Nd4 Rxb3 42. Nxb3 Rc2 43. Kf1 Kg6 44. Ke1 Kf7 45. Kd1 Rc4 46. Nd2 Ra4 47. Ke2 Ke6 48. f3 exf3+ 49. Kxf3 Be5 50. Ne4 Ra5 51. Bxe5 Kxe5 52. Ng3 Ra2 53. Nf1 Rc2 54. h3 Ra2 55. Ng3 Rh2 56. Nf5 h5 57. Kg3 Ra2 58. h4 Ra4 59. Nd4 Ke4 60. gxh5 gxh4+ 61. Kh3 Kxe3 62. Nf5+ 1/2-1/2

[Event "Baden-ch op"]
[Site "Badenweiler"]
[Date "2009.06.02"]
[Round "2"]
[White "Chernov, Vadim A"]
[Black "Braun, Joachim"]
[Result "1-0"]
[WhiteElo "2458"]
[BlackElo "2114"]
[PlyCount "69"]
[EventDate "2009.06.01"]
[EventType "swiss"]
[EventRounds "9"]
[EventCountry "GER"]
[SourceTitle "EXT 2010"]
[Source "ChessBase"]
[SourceDate "2010.11.25"]
[SourceVersion "1"]
[SourceVersionDate "2010.11.25"]
[SourceQuality "1"]

1. e4 c5 2. g3 Nc6 3. Bg2 g6 4. d3 Bg7 5. f4 d6 6. Nf3 e6 7. 0-0 Nge7 8. c3 0-0 9. Be3 b6 10. Bf2 e5 11. Na3 Bb7 12. d4 cxd4 13. cxd4 h6 14. d5 Nb8 15. fxe5 dxe5 16. Nc4 Ba6 17. Rc1 Nc8 18. Re1 Bxc4 19. Rxc4 Nd6 20. Rc2 Nd7 21. Bh3 Rc8 22. Rxc8 Qxc8 23. b4 f5 24. Nh4 Kh7 25. exf5 gxf5 26. Qh5 Rf6 27. Nxf5 Qc2 28. g4 Qxa2 29. g5 Rg6 30. Be3 Nf6 31. Qh4 Nde4 32. Nxh6 Bxh6 33. Bf5 Nxg5 34. Bxg5 Ng8 35. Qh5 1-0